Potenciál sietí malých a stredných podnikov v regióne
Malé a stredné podniky (MSP) v období hyperkonkurencie prežívajú ťažké časy. Jedným z riešení ako obstáť v konkurenčnom boji sú siete spolupráce, t.j. rôzne formy voľnejších, či viazanejších združení, ktoré môžu kompenzovať nedostatky "malých" a zabezpečiť príležitosti "veľkých". Etablované siete MS...
Saved in:
| Main Author: | |
|---|---|
| Format: | Book Chapter |
| Language: | Slovak |
| Subjects: | |
| Tags: |
No Tags, Be the first to tag this record!
|
MARC
| LEADER | 00000nla$a2200000$$$4500 | ||
|---|---|---|---|
| 001 | 0075712 | ||
| 005 | 20220801085406.9 | ||
| 041 | 0 | |a slo | |
| 044 | |a CZ | ||
| 245 | 1 | 0 | |a Potenciál sietí malých a stredných podnikov v regióne |c Kristína Estélyiová |
| 520 | |a Malé a stredné podniky (MSP) v období hyperkonkurencie prežívajú ťažké časy. Jedným z riešení ako obstáť v konkurenčnom boji sú siete spolupráce, t.j. rôzne formy voľnejších, či viazanejších združení, ktoré môžu kompenzovať nedostatky "malých" a zabezpečiť príležitosti "veľkých". Etablované siete MSP spoločne s miestnymi inštitúciami dokážu zabezpečiť všestranný rozvoj v celom regióne, pričom jeden z predpokladov úspešnosti je úroveň sociálneho a ľudského kapitálu. Analýza znalostí o sietiach, ich roly v regióne a znázornenie dobrých skúseností zo sieťovej spolupráce pomocou prípadových štúdií. | ||
| 610 | 2 | 0 | |a podnik malý |
| 610 | 2 | 0 | |a podnik stredný |
| 610 | 2 | 0 | |a boj konkurenčný |
| 610 | 2 | 0 | |a spolupráca podnikov |
| 610 | 2 | 0 | |a združenia podnikov |
| 610 | 2 | 0 | |a rozvoj regionálny |
| 610 | 2 | 0 | |a štúdie prípadové |
| 100 | 1 | |a Estélyiová, Kristína | |